000 00302nam a22001217a 4500
008 170613b xxu||||| |||| 00| 0 eng d
041 _aeng
080 _a94(7/8)
100 _a19
101 _aSHH
245 _aPOLITICIANS BLACKLISTED A MOVIE IN COLD WAR AMERICA
_cLORENCE.J.J
942 _2udc
_cBK
999 _c17227
_d17227